000 00401nam a2200169Ia 4500
001 19950
003 IN-NITTTR
005 20251114233229.0
008 251113s9999||||xx |||||||||||||| ||eng||
040 _beng
040 _cIN-NITTTR
041 _aeng
082 _a621.381 M693I
100 _aMitchell, F. H.
245 0 _aIntroduction to electronics design. /
_cMitchell, F. H.
942 _2ddc
_cBK
999 _c22584
_d22584